Wszystkie Partie które weszły do Sejmu serwera Mordy Mordeczki - Statystyki

Ogólne statystyki
  • Ten quiz został rozwiązany 22 razy
    4 od ostatniego zresetowania
  • Średni wynik to 20 z 23
Statystyki odpowiedzi
Wybory Odpowiedź % Poprawnych
XIII Alternatywa dla Serwera
100%
III, IV Chrześcijańska Partia Obrony Tradycji
100%
XIV Front Demokratyczny
100%
I,II,III,IV,V,VI,VII,VIII,IX,X,XI,XII,XIII,XIV Kongres Koronny
100%
II,III,IV,V,VI,VIII,IX,X,XI,XII Konserwatywno-Monarchistyczna Federacja Odbudowy
100%
II, III Lechicka Organizacja Monarchistyczna
100%
XIV Lewicowy Sojusz Demokratyczny
100%
XI Liberum Potentia
100%
XI,XII Partia Centrum
100%
IV,V,VI,VII,VIII,IX,X,XI Partia Demokratyczna
100%
XIV Partia Królestwa Dawidowego
100%
XI,XII Partia Liberalna
100%
XI,XII,XIII,XIV Partia Polskich Patriotów
100%
I,II,III,IV,V,VI,VII,VIII,IX,X Partia Republikańśka
100%
I,II,III, Polska 1612
100%
XIII Postępowcy
100%
XI Zjednoczenie Obywatelskie
100%
XI, XII Alternatywa Żydowska
50%
I Polska Partia Liberalna
50%
I Polska Partia Socjalistyczna
50%
I Rodowici z Lwowa
50%
XIII Ruch Radykalnej Zmiany
50%
VI Ruch Polskich Monarchistów
0%
Nie znaleziono quizów pasujących do podanych kryteriów
Rozkład punktacji
Procent ludzi z każdym wynikiem
Percentyl według liczby udzielonych odpowiedzi
Twoja historia wyników
Nie rozwiązałeś tego quizu od ostatniego zresetowania